LEADER 00851nam0-22002891i-450- 001 990003861860403321 005 20080121105822.0 035 $a000386186 035 $aFED01000386186 035 $a(Aleph)000386186FED01 035 $a000386186 100 $a20030910d--------km-y0itay50------ba 101 0 $aita 102 $aIT 200 1 $aSilos e magazzini per ammassi granari$eprogettazione, costruzione, gestione$fRenzo Chapperon. 210 $aUdine$cIstituto delle Edizioni Accademiche$d1936-XV. 215 $axix, 217 p.$cill.$d26 cm 676 $aH/1.111 676 $aH/1.221 700 1$aChapperon,$bRenzo$0331562 801 0$aIT$bUNINA$gRICA$2UNIMARC 901 $aBK 912 $a990003861860403321 952 $aH/1.111 CHA$b21696/RF$fSES 959 $aSES 996 $aSilos e magazzini per ammassi granari$9107373 997 $aUNINA LEADER 01192nam--2200373---450 001 990000807510203316 005 20200925144245.0 035 $a0080751 035 $aUSA010080751 035 $a(ALEPH)000080751USA01 035 $a0080751 100 $a20011219d1993----km-y0itay0103----ba 101 $aita 102 $aIT 105 $a||||||||001yy 200 1 $aRapporto su lo sviluppo umano 3$ecome ridurre le disuguaglianze mondiali$f[traduzione di Claudio Di Giorgio] 210 $aTorino$cRosenberg & Sellier$d1993 215 $a226 p.$d28 cm 312 $aHuman development report 410 $12001 454 1$12001$aHuman development report$956498 606 0 $aPaesi in via di sviluppo$xCondizioni economiche e sociali 676 $a909.09724 801 0$aIT$bsalbc$gISBD 912 $a990000807510203316 951 $a909.097 RAP 1 (III.1. 3466) (IEP IV 249)$b1830 L.M$c909.097$d00201609 959 $aBK 969 $aSOS 979 $aPATTY$b90$c20011219$lUSA01$h1243 979 $c20020403$lUSA01$h1727 979 $aPATRY$b90$c20040406$lUSA01$h1656 979 $aRSIAV1$b90$c20090312$lUSA01$h0959 996 $aHuman development report$956498 997 $aUNISA LEADER 01006nam a2200325 i 4500 001 991000821529707536 005 20020506124752.0 008 960310s1982 uk ||| | eng 035 $ab10134347-39ule_inst 035 $aLE00637412$9ExL 040 $aDip.to Fisica$bita 084 $a52.9.5 084 $a52.9.55 084 $a52.9.56 084 $a523 084 $aQB45 100 1 $aClarke, D.$0381823 245 10$aAstronomy :$bstructure of the universe /$cD. Clarke, A. Roy 250 $a2nd ed. 260 $aBristol :$bAdam Hilger Ltd,$c1982 300 $axiii, 296 p. :$bill. ;$c29 cm. 500 $aIncludes bibliography and index. 650 4$aAstronomy 700 1 $aRoy, A.E. 907 $a.b10134347$b21-09-06$c27-06-02 912 $a991000821529707536 945 $aLE006 52.9.5 ROY$g1$i2006000026611$lle006$o-$pE0.00$q-$rl$s- $t0$u0$v0$w0$x0$y.i10158121$z27-06-02 996 $aAstronomy$9185413 997 $aUNISALENTO 998 $ale006$b01-01-96$cm$da $e-$feng$guk $h0$i1